000 00644nam a2200181 i 4500
001 172321
003 ES-MaACL
005 20240312062553.0
008 090625s1921 sp |||| | spa d
100 1 _aOssorio y Gallardo, Ángel,
_d1873-1946
_9138613
245 1 4 _aUna política de derechas
_b: conferencia pronunciada en el Ateneo de Madrid el 15 de diciembre de 1920 /
_cÁngel Ossorio.
260 _aMadrid :
_b[s.n.],
_c1921.
300 _a28 p. ;
_c21 cm.
610 2 4 _aAteneo de Madrid-
_vConferencias-
_y1900-1939
_91907
650 4 _aDerecha (Política)
_911600
852 _aES-MaACL
_j2251-F-23
999 _c172321
_d172321